[Event "Tallinn"]
[Site "Tallinn"]
[Date "1987.??.??"]
[Round "?"]
[White "Oll, Lembit"]
[Black "Kochyev, Alexander"]
[Result "1/2-1/2"]
[WhiteElo "2430"]
[BlackElo "2445"]
[PlyCount "58"]
[EventDate "1987.04.??"]
[EventType "tourn"]
[EventRounds "13"]
[EventCountry "URS"]
[EventCategory "11"]
[Source "ChessBase"]
[SourceDate "1996.11.15"]

1. e4 c5 2. Nf3 Nc6 3. d4 cxd4 4. Nxd4 g6 5. Nc3 Bg7 6. Be3 Nf6 7. Bc4 O-O 8.
Bb3 a5 9. f3 d5 10. Bxd5 Nxd5 11. exd5 Nb4 12. Nde2 Bf5 13. Rc1 b5 14. O-O Rc8
15. Nd4 Rxc3 16. bxc3 Nxa2 17. Ra1 Nxc3 18. Qd2 Na4 19. Nxb5 Nb6 20. Qxa5 Nxd5
21. Bd4 Bh6 22. Rf2 Ne3 23. Qc3 Nd5 24. Qc5 e5 25. Bxe5 Be3 26. Nd4 Re8 27. Bg3
Nf4 28. Bxf4 Bxd4 29. Qa3 Bxf2+ 1/2-1/2

[Event "Tallinn"]
[Site "Tallinn"]
[Date "1987.??.??"]
[Round "?"]
[White "Oll, Lembit"]
[Black "Psakhis, Lev"]
[Result "0-1"]
[WhiteElo "2430"]
[BlackElo "2575"]
[PlyCount "60"]
[EventDate "1987.04.??"]
[EventType "tourn"]
[EventRounds "13"]
[EventCountry "URS"]
[EventCategory "11"]
[Source "ChessBase"]
[SourceDate "1996.11.15"]

1. e4 e5 2. Nf3 Nc6 3. Bb5 a6 4. Ba4 d6 5. d4 b5 6. Bb3 Nxd4 7. Nxd4 exd4 8. c3
Bb7 9. cxd4 Bxe4 10. O-O Be7 11. Nc3 Bb7 12. Qh5 g6 13. Qe2 Kf8 14. a4 Kg7 15.
axb5 axb5 16. Bf4 Bg5 17. Qxb5 Bxf4 18. Qxb7 Rb8 19. Qd5 Qd7 20. Ba4 Qd8 21.
Bb3 Nh6 22. Ra3 Bxh2+ 23. Kxh2 Rxb3 24. Kg1 Rxb2 25. Ne4 Re8 26. Rh3 Qe7 27.
Ng5 Re2 28. Rc3 Re1 29. Rc1 Rxf1+ 30. Kxf1 Ng4 0-1

[Event "Tallinn"]
[Site "Tallinn"]
[Date "1987.??.??"]
[Round "?"]
[White "Oll, Lembit"]
[Black "Romanishin, Oleg"]
[Result "1/2-1/2"]
[WhiteElo "2430"]
[BlackElo "2570"]
[PlyCount "60"]
[EventDate "1987.04.??"]
[EventType "tourn"]
[EventRounds "13"]
[EventCountry "URS"]
[EventCategory "11"]
[Source "ChessBase"]
[SourceDate "1996.11.15"]

1. d4 Nf6 2. c4 g6 3. Nc3 d5 4. Bf4 Bg7 5. e3 c6 6. Nf3 O-O 7. Be2 Be6 8. Ng5
Bf5 9. Qb3 Qb6 10. c5 Qxb3 11. axb3 Nbd7 12. b4 a6 13. h3 h6 14. Nf3 Be4 15.
O-O Bxf3 16. Bxf3 Rfe8 17. Rfd1 e5 18. dxe5 Nxe5 19. Bxe5 Rxe5 20. b5 Ree8 21.
bxc6 bxc6 22. Ra5 Nd7 23. e4 Bxc3 24. bxc3 dxe4 25. Rxd7 exf3 26. gxf3 Re6 27.
Kg2 g5 28. f4 gxf4 29. Kf3 Rb8 30. Rd6 Rxd6 1/2-1/2

[Event "Tallinn"]
[Site "Tallinn"]
[Date "1987.??.??"]
[Round "?"]
[White "Oll, Lembit"]
[Black "Uhlmann, Wolfgang"]
[Result "1/2-1/2"]
[WhiteElo "2430"]
[BlackElo "2520"]
[PlyCount "118"]
[EventDate "1987.04.??"]
[EventType "tourn"]
[EventRounds "13"]
[EventCountry "URS"]
[EventCategory "11"]
[Source "ChessBase"]
[SourceDate "1996.11.15"]

1. d4 Nf6 2. c4 g6 3. Nc3 Bg7 4. e4 d6 5. Nge2 O-O 6. Ng3 e5 7. d5 h5 8. Be2 a5
9. Bg5 Qe8 10. Qd2 Nh7 11. Be3 h4 12. Nf1 Na6 13. O-O-O Bd7 14. Bh6 Bxh6 15.
Qxh6 Qe7 16. g3 Qg5+ 17. Qxg5 Nxg5 18. Nd2 Nc5 19. f4 Nh3 20. Rhf1 exf4 21.
gxf4 Rae8 22. f5 gxf5 23. exf5 Re3 24. Rf3 Rfe8 25. Bf1 Ng5 26. Rf4 h3 27. Nb3
Nce4 28. Nxe4 R8xe4 29. Rf2 Rf3 30. Rxf3 Nxf3 31. Nxa5 Nxh2 32. Bxh3 b6 33. Nb3
Rxc4+ 34. Kd2 Rh4 35. Bg2 Rg4 36. Bh1 Bxf5 37. Rc1 Rf4 38. Ke3 Ra4 39. a3 Ng4+
40. Kd2 Nf2 41. Rf1 Ne4+ 42. Ke3 Bg6 43. Rf4 Nc5 44. Nxc5 Rxf4 45. Kxf4 dxc5
46. Ke5 Kf8 47. d6 Ke8 48. dxc7 Kd7 49. Bc6+ Kxc7 50. Bb5 Bc2 51. Bc4 f5 52.
Bb5 Be4 53. Be8 Bd3 54. Bg6 Kc6 55. Be8+ Kb7 56. Bg6 Ka6 57. Bxf5 Bxf5 58. Kxf5
Kb5 59. b3 c4 1/2-1/2

[Event "Tallinn"]
[Site "Tallinn"]
[Date "1987.??.??"]
[Round "?"]
[White "Van der Sterren, Paul"]
[Black "Oll, Lembit"]
[Result "1-0"]
[WhiteElo "2520"]
[BlackElo "2430"]
[PlyCount "125"]
[EventDate "1987.04.??"]
[EventType "tourn"]
[EventRounds "13"]
[EventCountry "URS"]
[EventCategory "11"]
[Source "ChessBase"]
[SourceDate "1996.11.15"]

1. d4 Nf6 2. Nf3 e6 3. c4 d5 4. Nc3 Bb4 5. cxd5 exd5 6. Bg5 Nbd7 7. Rc1 h6 8.
Bxf6 Bxc3+ 9. bxc3 Nxf6 10. e3 O-O 11. Be2 c6 12. O-O Bg4 13. c4 dxc4 14. Rxc4
Ne4 15. Ne5 Bxe2 16. Qxe2 Qe7 17. Qc2 Nd6 18. Rc5 Rfc8 19. a4 Rc7 20. Rc1 Rac8
21. a5 f6 22. Qb3+ Kh7 23. Qc2+ Kg8 24. Ng6 Qe8 25. Nf4 Ne4 26. Rc4 Nd6 27. Rc3
Qf7 28. Qa4 Nb5 29. R3c2 a6 30. Rc5 Rd8 31. Qc2 Rcd7 32. h4 g5 33. Ne2 Rd5 34.
hxg5 fxg5 35. Qd3 Qh7 36. Qxh7+ Kxh7 37. Rxd5 Rxd5 38. e4 Rd7 39. Rd1 Nd6 40.
f3 Nc4 41. Ra1 Kg6 42. Ra4 Nb2 43. Rb4 Nd3 44. Rb6 Kf7 45. g4 Nf4 46. Nxf4 gxf4
47. Rb4 Kg6 48. Kg2 h5 49. Rc4 hxg4 50. fxg4 c5 51. Rxc5 Rxd4 52. Kf3 Rd6 53.
e5 Rd4 54. e6 Kf6 55. Re5 Ke7 56. g5 b5 57. axb6 Rb4 58. g6 Rxb6 59. g7 Rb8 60.
Rg5 Rg8 61. Rg6 a5 62. Kxf4 a4 63. Kf5 1-0

[Event "Tallinn"]
[Site "Tallinn"]
[Date "1987.??.??"]
[Round "?"]
[White "Yrjola, Jouni"]
[Black "Oll, Lembit"]
[Result "1/2-1/2"]
[WhiteElo "2425"]
[BlackElo "2430"]
[PlyCount "82"]
[EventDate "1987.04.??"]
[EventType "tourn"]
[EventRounds "13"]
[EventCountry "URS"]
[EventCategory "11"]
[Source "ChessBase"]
[SourceDate "1996.11.15"]

1. d4 Nf6 2. c4 e6 3. Nf3 b6 4. Nc3 Bb7 5. a3 d5 6. cxd5 Nxd5 7. e3 Be7 8. Bb5+
c6 9. Bd3 Nxc3 10. bxc3 c5 11. O-O O-O 12. Qe2 Nc6 13. Bb2 cxd4 14. cxd4 Rc8
15. Rad1 Bf6 16. h4 Bxh4 17. e4 Na5 18. d5 exd5 19. exd5 Bf6 20. Ne5 Rc5 21.
Bb1 Qd6 22. Rfe1 Rxd5 23. Ba2 Bxe5 24. Bxe5 Rxd1 25. Bxd6 Rxd6 26. Qe7 Rf6 27.
Re3 Ba6 28. Bb1 Rh6 29. Rg3 g6 30. Qxa7 Rc8 31. Rh3 Rxh3 32. gxh3 Rc1+ 33. Kh2
Rxb1 34. Qxa6 Rb3 35. a4 Kg7 36. Qc8 Rf3 37. Kg2 Rf6 38. Qc3 Nc6 39. Qb2 Ne7
40. Qe5 Nf5 41. Kf1 Nh4 1/2-1/2

[Event "URS-ch otbor"]
[Site "Norilsk"]
[Date "1987.??.??"]
[Round "?"]
[White "Oll, Lembit"]
[Black "Kalinitschew, Sergey"]
[Result "1-0"]
[WhiteElo "2465"]
[BlackElo "2445"]
[PlyCount "67"]
[EventDate "1987.08.??"]
[Source "ChessBase"]
[SourceDate "1996.11.15"]

1. d4 Nf6 2. c4 c5 3. d5 b5 4. Nf3 b4 5. g3 d6 6. Bg2 g6 7. O-O Bg7 8. a3 Na6
9. axb4 Nxb4 10. Nc3 O-O 11. e4 Bg4 12. h3 Bxf3 13. Bxf3 Nd7 14. Kg2 a6 15. Be2
Rb8 16. Be3 Rb7 17. h4 Qc7 18. h5 Rfb8 19. hxg6 hxg6 20. Ra3 Qd8 21. f4 Bd4 22.
Na4 Nb6 23. Nxb6 Qxb6 24. f5 Bxb2 25. fxg6 fxg6 26. Bg4 Bf6 27. Be6+ Kg7 28.
Rh1 Kf8 29. Qa4 g5 30. Rh7 Bg7 31. Bxc5 Qxc5 32. Rf3+ Bf6 33. Rf7+ Kg8 34.
R3xf6 1-0

[Event "URS-ch otbor"]
[Site "Norilsk"]
[Date "1987.??.??"]
[Round "?"]
[White "Oll, Lembit"]
[Black "Piesina, Gintautas"]
[Result "1-0"]
[WhiteElo "2465"]
[BlackElo "2370"]
[PlyCount "67"]
[EventDate "1987.08.??"]
[Source "ChessBase"]
[SourceDate "1996.11.15"]

1. e4 c5 2. Nf3 d6 3. d4 cxd4 4. Nxd4 Nf6 5. Nc3 a6 6. Be2 e6 7. O-O Nc6 8. Be3
Be7 9. f4 O-O 10. a4 Qc7 11. Kh1 Nxd4 12. Qxd4 e5 13. Qd3 b6 14. Qc4 Qxc4 15.
Bxc4 Bb7 16. fxe5 dxe5 17. Bxb6 Nxe4 18. Nxe4 Bxe4 19. c3 Bf6 20. Rfd1 Rfc8 21.
Be2 Bb7 22. a5 e4 23. Ra4 Bg5 24. Rad4 h6 25. Bc4 Bc6 26. Rf1 Bf6 27. Rd6 e3
28. Rxc6 Rxc6 29. Bd5 Rxb6 30. axb6 Rd8 31. b7 Kf8 32. Rf3 e2 33. Re3 Be5 34.
Rxe5 1-0

[Event "URS-ch otbor"]
[Site "Norilsk"]
[Date "1987.??.??"]
[Round "?"]
[White "Oll, Lembit"]
[Black "Piskov, Yury"]
[Result "1-0"]
[WhiteElo "2465"]
[BlackElo "2420"]
[PlyCount "81"]
[EventDate "1987.08.??"]
[Source "ChessBase"]
[SourceDate "1996.11.15"]

1. e4 e6 2. d4 d5 3. Nc3 Bb4 4. e5 Ne7 5. a3 Bxc3+ 6. bxc3 c5 7. Qg4 O-O 8. Nf3
Qa5 9. Bd2 c4 10. h4 f5 11. exf6 Rxf6 12. h5 h6 13. Be2 Nbc6 14. Qg3 Nf5 15.
Qh2 Bd7 16. O-O Be8 17. Rfb1 b5 18. Be1 Rd8 19. Ne5 Qc7 20. g4 Nfe7 21. f4 Nxe5
22. fxe5 Rf7 23. Bh4 Bc6 24. g5 hxg5 25. Bxg5 Rdf8 26. Qh3 Rf5 27. Qh4 R5f7 28.
Kh1 Rf2 29. Bg4 Nc8 30. Bxe6+ Kh7 31. Qg4 Nd6 32. Be3 Ne4 33. Qg6+ Kh8 34. Bxf2
Be8 35. Qg2 Rxf2 36. Qg4 Rf5 37. Rf1 Rxh5+ 38. Kg2 g6 39. Rf8+ Kg7 40. Rxe8 Rg5
41. Rg8+ 1-0

[Event "URS-ch otbor"]
[Site "Norilsk"]
[Date "1987.??.??"]
[Round "?"]
[White "Smirin, Ilia"]
[Black "Oll, Lembit"]
[Result "1-0"]
[WhiteElo "2480"]
[BlackElo "2465"]
[PlyCount "87"]
[EventDate "1987.08.??"]
[Source "ChessBase"]
[SourceDate "1996.11.15"]

1. e4 c5 2. Nf3 d6 3. d4 cxd4 4. Nxd4 Nf6 5. Nc3 a6 6. Be3 e6 7. a4 Nc6 8. Nb3
Na5 9. Nxa5 Qxa5 10. Bd3 Bd7 11. O-O Bc6 12. Qd2 Be7 13. Rab1 Qb4 14. Qe2 O-O
15. Bd2 Qb6 16. b4 Rfc8 17. a5 Qd4 18. b5 Be8 19. Rb3 axb5 20. Nxb5 Qe5 21. f4
Qh5 22. Qxh5 Nxh5 23. e5 dxe5 24. fxe5 Bc6 25. Be2 Bxb5 26. Rxb5 Rxc2 27. Bxh5
Rxd2 28. Bxf7+ Kh8 29. Bxe6 Rad8 30. Rxb7 Bc5+ 31. Kh1 Re2 32. a6 Rxe5 33. Bc4
Re4 34. Bb5 Rb4 35. Bd7 h6 36. Rxb4 Bxb4 37. Bc6 Bc5 38. g3 Rd4 39. Rf5 Bb6 40.
Rb5 Ba7 41. Rb7 Rd6 42. Rc7 Rd1+ 43. Kg2 Rd2+ 44. Kh3 1-0

[Event "URS-ch otbor"]
[Site "Norilsk"]
[Date "1987.??.??"]
[Round "?"]
[White "Sveshnikov, Evgeny"]
[Black "Oll, Lembit"]
[Result "1/2-1/2"]
[WhiteElo "2490"]
[BlackElo "2465"]
[PlyCount "85"]
[EventDate "1987.08.??"]
[Source "ChessBase"]
[SourceDate "1996.11.15"]

1. e4 e5 2. Nf3 Nf6 3. d4 exd4 4. e5 Ne4 5. Qxd4 d5 6. exd6 Nxd6 7. Nc3 Nc6 8.
Qf4 Be7 9. Be3 Be6 10. O-O-O O-O 11. Ng5 Bxg5 12. Qxg5 Qe7 13. Be2 f6 14. Qc5
Qf7 15. Bf3 Ne5 16. Bd5 Ndc4 17. b3 b6 18. Bxe6 Qxe6 19. Qd5 Qxd5 20. Nxd5 Nxe3
21. Nxe3 Rad8 22. f4 Ng6 23. g3 Kf7 24. Nd5 Rd7 25. Rd2 Ne7 26. Rhd1 Rxd5 27.
Rxd5 Nxd5 28. Rxd5 Ke7 29. Kd2 Rd8 30. Rxd8 Kxd8 31. Kd3 Kd7 32. Ke4 Ke6 33.
f5+ Kd6 34. b4 c6 35. a4 b5 36. axb5 cxb5 37. g4 a6 38. Kd4 Kc6 39. h4 h6 40.
Ke4 Kd6 41. Kd4 Kc6 42. Ke4 Kd6 43. Kd4 1/2-1/2

[Event "URS-ch otbor"]
[Site "Norilsk"]
[Date "1987.??.??"]
[Round "?"]
[White "Timoscenko, Gennadij"]
[Black "Oll, Lembit"]
[Result "1/2-1/2"]
[WhiteElo "2490"]
[BlackElo "2465"]
[PlyCount "42"]
[EventDate "1987.08.??"]
[Source "ChessBase"]
[SourceDate "1996.11.15"]

1. d4 Nf6 2. c4 e6 3. Nc3 Bb4 4. e3 c5 5. Bd3 Nc6 6. Nge2 cxd4 7. exd4 d5 8.
cxd5 Qxd5 9. O-O Qh5 10. Ne4 Nxe4 11. Bxe4 O-O 12. Qd3 Bd6 13. Nf4 Bxf4 14.
Bxf4 Rd8 15. Qe3 Ne7 16. Rad1 Nd5 17. Qg3 Bd7 18. Be5 Qh6 19. Bxd5 exd5 20. Qb3
Bc6 21. Rd3 f6 1/2-1/2

[Event "URS-ch otbor"]
[Site "Norilsk"]
[Date "1987.??.??"]
[Round "?"]
[White "Vyzmanavin, Alexey"]
[Black "Oll, Lembit"]
[Result "1/2-1/2"]
[WhiteElo "2480"]
[BlackElo "2465"]
[PlyCount "43"]
[EventDate "1987.08.??"]
[Source "ChessBase"]
[SourceDate "1996.11.15"]

1. d4 Nf6 2. c4 e6 3. Nf3 b6 4. a3 Bb7 5. Nc3 d5 6. cxd5 Nxd5 7. Qc2 c5 8. dxc5
Bxc5 9. Bg5 Qc8 10. Rc1 h6 11. Bh4 a5 12. e3 O-O 13. Be2 Nxc3 14. Qxc3 Ba6 15.
Bxa6 Qxa6 16. Qc4 Qxc4 17. Rxc4 Nc6 18. O-O Rfc8 19. Bg3 Kf8 20. Rd1 Ke7 21.
Rcc1 Rd8 22. Rxd8 1/2-1/2

[Event "URS Army-chT"]
[Site "Sverdlovsk"]
[Date "1987.??.??"]
[Round "?"]
[White "Khuzman, Alexander"]
[Black "Oll, Lembit"]
[Result "0-1"]
[WhiteElo "2500"]
[BlackElo "2440"]
[PlyCount "61"]
[EventDate "1987.09.04"]
[EventType "team"]
[EventRounds "14"]
[EventCountry "URS"]
[Source "ChessBase"]
[SourceDate "2001.11.25"]

1. d4 Nf6 2. c4 e6 3. g3 d5 4. Nf3 dxc4 5. Bg2 b5 6. Ne5 Nd5 7. O-O c6 8. a4 a6
9. b3 cxb3 10. axb5 cxb5 11. Qxb3 Be7 12. e4 Nb6 13. Rd1 O-O 14. d5 exd5 15.
exd5 Bf6 16. Bb2 Qd6 17. f4 Nc4 18. Nd2 Nxe5 19. fxe5 Bxe5 20. Bxe5 Qxe5 21.
Qb4 Qe3+ 22. Kh1 Nd7 23. Re1 Qb6 24. Ne4 Ne5 25. Qe7 Nd3 26. Rf1 Ra7 27. Qh4 f5
28. Ng5 h6 29. Nh3 g5 30. Qh5 f4 31. Qe2 0-1

[Event "URS Army-chT"]
[Site "Sverdlovsk"]
[Date "1987.??.??"]
[Round "?"]
[White "Oll, Lembit"]
[Black "Chekhov, Valery"]
[Result "0-1"]
[WhiteElo "2440"]
[BlackElo "2500"]
[PlyCount "58"]
[EventDate "1987.09.04"]
[EventType "team"]
[EventRounds "14"]
[EventCountry "URS"]
[Source "ChessBase"]
[SourceDate "2001.11.25"]

1. e4 c5 2. Nf3 Nc6 3. d4 cxd4 4. Nxd4 Nf6 5. Nc3 e5 6. Ndb5 d6 7. Bg5 a6 8.
Na3 b5 9. Bxf6 gxf6 10. Nd5 Bg7 11. Bd3 Ne7 12. c4 Nxd5 13. cxd5 f5 14. O-O
fxe4 15. Bxe4 O-O 16. g3 f5 17. Bg2 e4 18. Rb1 Qa5 19. Qb3 Bd7 20. Nc2 Qa4 21.
Ne3 Qxb3 22. axb3 f4 23. gxf4 Rxf4 24. Rfc1 Raf8 25. Rc7 Be8 26. Rc8 Bd4 27.
Re1 Bxb2 28. Nd1 Bd4 29. Bxe4 Rxf2 0-1

[Event "URS Army-chT"]
[Site "Sverdlovsk"]
[Date "1987.??.??"]
[Round "?"]
[White "Oll, Lembit"]
[Black "Khalifman, Alexander"]
[Result "1-0"]
[WhiteElo "2440"]
[BlackElo "2515"]
[PlyCount "122"]
[EventDate "1987.09.04"]
[EventType "team"]
[EventRounds "14"]
[EventCountry "URS"]
[Source "ChessBase"]
[SourceDate "2001.11.25"]

1. e4 c5 2. Nf3 d6 3. d4 cxd4 4. Nxd4 Nf6 5. Nc3 Nc6 6. Bg5 e6 7. Qd2 Be7 8.
O-O-O O-O 9. Nb3 a5 10. a4 d5 11. Bb5 Nb4 12. Rhe1 h6 13. Bxf6 Bxf6 14. exd5
exd5 15. Nxd5 Bg4 16. f3 Bg5 17. Ne7+ Qxe7 18. Rxe7 Bxe7 19. Qe2 Bg5+ 20. Kb1
Bf5 21. Nd4 Bg6 22. Ka1 Bf6 23. c3 Bxd4 24. cxb4 Bf6 25. bxa5 Rfc8 26. Ka2 Rxa5
27. Rd6 Raa8 28. Rxf6 gxf6 29. Qe7 Kg7 30. Qxb7 Rcb8 31. Qc6 Rc8 32. Qd6 Rcb8
33. Kb3 Rd8 34. Qf4 Rac8 35. Bc4 Rb8+ 36. Ka3 Bd3 37. b3 Bg6 38. a5 Ra8 39. a6
Bd3 40. Kb4 Rab8+ 41. Ka5 Bxc4 42. Qg4+ Kh8 43. Qxc4 Rd1 44. Qc3 Rd5+ 45. Ka4
Rd6 46. Qc4 Rd1 47. b4 Ra1+ 48. Kb3 Kg7 49. Qc6 Rb1+ 50. Kc2 R8xb4 51. a7 R4b2+
52. Kd3 Rd1+ 53. Ke3 Re1+ 54. Kf4 Ra1 55. a8=Q Rxa8 56. Qxa8 Rxg2 57. Qa1 Rg5
58. Qb2 Re5 59. Qg2+ Rg5 60. Qb2 Re5 61. Qd2 Kg6 1-0

[Event "URS Army-chT"]
[Site "Sverdlovsk"]
[Date "1987.??.??"]
[Round "?"]
[White "Oll, Lembit"]
[Black "Lputian, Smbat"]
[Result "0-1"]
[WhiteElo "2440"]
[BlackElo "2500"]
[PlyCount "72"]
[EventDate "1987.09.04"]
[EventType "team"]
[EventRounds "14"]
[EventCountry "URS"]
[Source "ChessBase"]
[SourceDate "1998.11.10"]

1. e4 c5 2. Nf3 Nc6 3. d4 cxd4 4. Nxd4 e5 5. Nb5 d6 6. c4 Be7 7. N1c3 a6 8. Na3
Be6 9. Be2 Nd4 10. Be3 Nxe2 11. Qxe2 Nf6 12. O-O O-O 13. Rfd1 Rc8 14. f3 h6 15.
Rac1 Qa5 16. Qd2 Kh7 17. Nd5 Qxd2 18. Bxd2 Bd8 19. Bb4 Ne8 20. Kh1 f5 21. exf5
Bxf5 22. Ne3 Bg6 23. Ng4 e4 24. Ne5 exf3 25. Nxf3 Rf4 26. Re1 Bf6 27. Bc3 Bxc3
28. Rxc3 Nf6 29. Kg1 d5 30. Ne5 Re8 31. Rcc1 Re4 32. Nf3 Re2 33. cxd5 Nxd5 34.
Rxe2 Rxe2 35. Nc4 Nf4 36. Ne1 b5 0-1

[Event "URS Army-chT"]
[Site "Sverdlovsk"]
[Date "1987.??.??"]
[Round "?"]
[White "Timoscenko, Gennadij"]
[Black "Oll, Lembit"]
[Result "1/2-1/2"]
[WhiteElo "2495"]
[BlackElo "2440"]
[PlyCount "158"]
[EventDate "1987.09.04"]
[EventType "team"]
[EventRounds "14"]
[EventCountry "URS"]
[Source "ChessBase"]
[SourceDate "1998.11.10"]

1. d4 Nf6 2. c4 e6 3. Nc3 Bb4 4. e3 c5 5. Bd3 Nc6 6. Nge2 cxd4 7. exd4 d5 8.
cxd5 Nxd5 9. O-O Nf6 10. Bc2 h6 11. Qd3 Bd6 12. a3 Ne7 13. Bf4 O-O 14. Rad1
Bxf4 15. Nxf4 b6 16. Nh5 Ng6 17. Nxf6+ Qxf6 18. d5 Rd8 19. Qe3 Ba6 20. Rfe1
exd5 21. Nxd5 Qxb2 22. Bxg6 fxg6 23. Rd2 Qb5 24. Nf6+ Kh8 25. Rd7 Qxd7 26. Nxd7
Rxd7 27. Qe6 Rad8 28. Qxg6 Rd1 29. Qe4 Bc4 30. h3 Bg8 31. Rxd1 Rxd1+ 32. Kh2
Rd2 33. f3 a5 34. a4 Rb2 35. Qe8 Rb4 36. g4 Kh7 37. g5 Rf4 38. g6+ Kh8 39. h4
Rxf3 40. h5 Rb3 41. Kg2 b5 42. Kf2 b4 43. Ke2 Rg3 44. Kd2 Rg5 45. Kc2 Rxh5 46.
Kb2 Rh2+ 47. Kb1 Rh1+ 48. Kb2 Rh2+ 49. Kb1 Rg2 50. Kc1 Rg1+ 51. Kb2 Rg2+ 52.
Kb1 Rg1+ 53. Kb2 Rd1 54. Qb8 Rd2+ 55. Kc1 Rd3 56. Kb2 Rb3+ 57. Kc1 Rc3+ 58. Kb2
Rc5 59. Qe8 Rd5 60. Qb8 Rf5 61. Qd8 Rg5 62. Qb6 b3 63. Kc1 h5 64. Kb2 Rg2+ 65.
Kc1 b2+ 66. Kb1 Rxg6 67. Qxa5 Rg2 68. Qa8 Re2 69. a5 h4 70. a6 h3 71. a7 h2 72.
Qxg8+ Kxg8 73. a8=Q+ Kh7 74. Qh1 Kh6 75. Qf1 g5 76. Qh3+ Kg7 77. Qc3+ Kh6 78.
Qh3+ Kg6 79. Qd3+ Kh6 1/2-1/2

[Event "URS Army-chT"]
[Site "Sverdlovsk"]
[Date "1987.??.??"]
[Round "?"]
[White "Vladimirov, Evgeny"]
[Black "Oll, Lembit"]
[Result "1-0"]
[WhiteElo "2525"]
[BlackElo "2440"]
[PlyCount "51"]
[EventDate "1987.09.04"]
[EventType "team"]
[EventRounds "14"]
[EventCountry "URS"]
[Source "ChessBase"]
[SourceDate "1998.11.10"]

1. c4 Nf6 2. Nc3 c5 3. Nf3 b6 4. g3 Bb7 5. Bg2 g6 6. O-O Bg7 7. d4 cxd4 8. Qxd4
O-O 9. Qh4 d6 10. Bh6 Nbd7 11. Rfd1 Bxf3 12. Bxf3 Rc8 13. b3 Bxh6 14. Qxh6 Rc5
15. Rd4 Ne5 16. Bg2 Qd7 17. h3 Qf5 18. g4 Qe6 19. Rad1 Nc6 20. Bxc6 Rxc6 21. g5
Nh5 22. Re4 Qf5 23. Rxe7 Qxh3 24. Nd5 Qg4+ 25. Kf1 Qf5 26. Re3 1-0

[Event "URS-ch FL55"]
[Site "Sverdlovsk"]
[Date "1987.??.??"]
[Round "?"]
[White "Kharitonov, Andrei"]
[Black "Oll, Lembit"]
[Result "1-0"]
[WhiteElo "2450"]
[BlackElo "2465"]
[PlyCount "55"]
[EventDate "1987.11.??"]
[EventType "tourn"]
[EventRounds "17"]
[EventCountry "URS"]
[EventCategory "10"]
[Source "ChessBase"]
[SourceDate "1994.03.01"]

1. Nf3 Nf6 2. c4 e6 3. Nc3 d5 4. d4 dxc4 5. e3 c5 6. Bxc4 a6 7. a4 Nc6 8. O-O
Qc7 9. d5 exd5 10. Nxd5 Nxd5 11. Qxd5 h6 12. Bd2 Qd7 13. Bc3 Qxd5 14. Bxd5 Nd8
15. Rfd1 Be6 16. Ne5 Bxd5 17. Rxd5 Ne6 18. Rad1 Be7 19. a5 Rd8 20. Rxd8+ Bxd8
21. Nc4 Bc7 22. Nd6+ Bxd6 23. Rxd6 O-O 24. Kf1 Rc8 25. Rd7 Rc7 26. Rxc7 Nxc7
27. Ke2 c4 28. Kf3 1-0

[Event "URS-ch FL55"]
[Site "Sverdlovsk"]
[Date "1987.??.??"]
[Round "?"]
[White "Khuzman, Alexander"]
[Black "Oll, Lembit"]
[Result "0-1"]
[WhiteElo "2500"]
[BlackElo "2465"]
[PlyCount "60"]
[EventDate "1987.11.??"]
[EventType "tourn"]
[EventRounds "17"]
[EventCountry "URS"]
[EventCategory "10"]
[Source "ChessBase"]
[SourceDate "1994.03.01"]

1. d4 Nf6 2. c4 e6 3. g3 d5 4. Nf3 dxc4 5. Bg2 b5 6. Ne5 Nd5 7. O-O c6 8. a4 a6
9. b3 cxb3 10. Qxb3 Be7 11. e4 Nb6 12. Rd1 O-O 13. d5 exd5 14. exd5 Bf6 15. Bb2
Qd6 16. f4 Nc4 17. Nd2 Nxe5 18. fxe5 Bxe5 19. Bxe5 Qxe5 20. Qb4 Qe3+ 21. Kh1
Nd7 22. Re1 Qb6 23. Ne4 Ne5 24. Qe7 Nd3 25. Rf1 Ra7 26. Qh4 f5 27. Ng5 h6 28.
Nh3 g5 29. Qh5 f4 30. Qe2 Qe3 0-1

[Event "URS-ch FL55"]
[Site "Sverdlovsk"]
[Date "1987.??.??"]
[Round "?"]
[White "Oll, Lembit"]
[Black "Gelfand, Boris"]
[Result "1/2-1/2"]
[WhiteElo "2465"]
[BlackElo "2510"]
[PlyCount "89"]
[EventDate "1987.11.??"]
[EventType "tourn"]
[EventRounds "17"]
[EventCountry "URS"]
[EventCategory "10"]
[Source "ChessBase"]
[SourceDate "1994.03.01"]

1. e4 c5 2. Nf3 d6 3. d4 cxd4 4. Nxd4 Nf6 5. Nc3 a6 6. Bc4 e6 7. Bb3 b5 8. O-O
Be7 9. Qf3 Qc7 10. Qg3 O-O 11. Bh6 Ne8 12. Rfe1 Bd7 13. Rad1 Nc6 14. Bg5 Bxg5
15. Qxg5 b4 16. Na4 Rb8 17. c3 Nxd4 18. Rxd4 Bxa4 19. Bxa4 bxc3 20. b3 Rc8 21.
Rc4 Qb7 22. Rxc8 Qxc8 23. Rc1 Nf6 24. Qe3 d5 25. Rxc3 Qb8 26. Rc6 dxe4 27. Rxa6
Ng4 28. Qg3 Qb4 29. Kf1 f5 30. Qd6 Qc3 31. Ke2 f4 32. Qxe6+ Kh8 33. Qxg4 f3+
34. gxf3 exf3+ 35. Kd1 Qd3+ 36. Kc1 Qxa6 37. Qd4 Qe2 38. Kb1 Qe1+ 39. Kb2 Rc8
40. b4 Qe2+ 41. Ka3 Qe7 42. Qd7 Rc3+ 43. Kb2 Qxd7 44. Bxd7 Rd3 45. Bb5 1/2-1/2

[Event "URS-ch FL55"]
[Site "Sverdlovsk"]
[Date "1987.??.??"]
[Round "?"]
[White "Oll, Lembit"]
[Black "Khalifman, Alexander"]
[Result "1/2-1/2"]
[WhiteElo "2465"]
[BlackElo "2515"]
[PlyCount "46"]
[EventDate "1987.11.??"]
[EventType "tourn"]
[EventRounds "17"]
[EventCountry "URS"]
[EventCategory "10"]
[Source "ChessBase"]
[SourceDate "1994.03.01"]

1. e4 e5 2. Nf3 Nc6 3. Bb5 a6 4. Ba4 Nf6 5. O-O Be7 6. Re1 b5 7. Bb3 O-O 8. c3
d5 9. exd5 Nxd5 10. Nxe5 Nxe5 11. Rxe5 c6 12. d4 Bd6 13. Re1 Qh4 14. g3 Qh3 15.
Be3 Bg4 16. Qd3 Rae8 17. Nd2 Re6 18. Qf1 Qh5 19. a4 Bh3 20. Qe2 Bg4 21. Qf1 Bh3
22. Qe2 Bg4 23. Qf1 Bh3 1/2-1/2

[Event "URS-ch FL55"]
[Site "Sverdlovsk"]
[Date "1987.??.??"]
[Round "?"]
[White "Oll, Lembit"]
[Black "Tseshkovsky, Vitaly"]
[Result "0-1"]
[WhiteElo "2465"]
[BlackElo "2485"]
[PlyCount "50"]
[EventDate "1987.11.??"]
[EventType "tourn"]
[EventRounds "17"]
[EventCountry "URS"]
[EventCategory "10"]
[Source "ChessBase"]
[SourceDate "1994.03.01"]

1. e4 e5 2. Nf3 Nc6 3. Bb5 a6 4. Ba4 Nf6 5. O-O Be7 6. Re1 b5 7. Bb3 O-O 8. c3
d5 9. exd5 Nxd5 10. Nxe5 Nxe5 11. Rxe5 c6 12. d4 Bd6 13. Re2 Bc7 14. Nd2 Nf4
15. Re3 c5 16. Nf3 Bb7 17. dxc5 Qf6 18. Qd7 Rac8 19. Qe7 Qc6 20. Bc2 f5 21.
Bb3+ Kh8 22. Re6 Nxe6 23. Qxe6 Qxe6 24. Bxe6 Rce8 25. Bd7 Rd8 0-1

[Event "URS-ch FL55"]
[Site "Sverdlovsk"]
[Date "1987.??.??"]
[Round "?"]
[White "Pigusov, Evgeny"]
[Black "Oll, Lembit"]
[Result "1/2-1/2"]
[WhiteElo "2520"]
[BlackElo "2465"]
[PlyCount "36"]
[EventDate "1987.11.??"]
[EventType "tourn"]
[EventRounds "17"]
[EventCountry "URS"]
[EventCategory "10"]
[Source "ChessBase"]
[SourceDate "1994.03.01"]

1. Nf3 Nf6 2. c4 e6 3. g3 b6 4. Bg2 Bb7 5. O-O Be7 6. Nc3 O-O 7. b3 d5 8. e3 c5
9. Bb2 Nc6 10. cxd5 exd5 11. d4 Rc8 12. a3 Re8 13. Rc1 Ne4 14. dxc5 Nxc3 15.
Bxc3 bxc5 16. Qd2 d4 17. exd4 cxd4 18. Nxd4 Bxa3 1/2-1/2